<?xml version="1.0" encoding="UTF-8"?>
<record
    xmlns:xsi="http://www.w3.org/2001/XMLSchema-instance"
    xsi:schemaLocation="http://www.loc.gov/MARC21/slim http://www.loc.gov/standards/marcxml/schema/MARC21slim.xsd"
    xmlns="http://www.loc.gov/MARC21/slim">

  <leader>05106nam a2200433Ii 4500</leader>
  <controlfield tag="001">DIGBIN00518</controlfield>
  <controlfield tag="003">NyNyDIG</controlfield>
  <controlfield tag="006">m        d        </controlfield>
  <controlfield tag="007">cr |||||||||||</controlfield>
  <controlfield tag="008">100625s2009    sp      ob    000 0 spa d</controlfield>
  <datafield tag="020" ind1=" " ind2=" ">
    <subfield code="z">849742980x</subfield>
  </datafield>
  <datafield tag="020" ind1=" " ind2=" ">
    <subfield code="z">9788497429801</subfield>
  </datafield>
  <datafield tag="035" ind1=" " ind2=" ">
    <subfield code="a">(OCoLC)888255327</subfield>
  </datafield>
  <datafield tag="040" ind1=" " ind2=" ">
    <subfield code="a">DGITA</subfield>
    <subfield code="b">eng</subfield>
    <subfield code="e">pn</subfield>
    <subfield code="c">DGITA</subfield>
  </datafield>
  <datafield tag="043" ind1=" " ind2=" ">
    <subfield code="a">e-sp---</subfield>
  </datafield>
  <datafield tag="050" ind1="1" ind2="4">
    <subfield code="a">LC93.S7 eBook</subfield>
  </datafield>
  <datafield tag="100" ind1="1" ind2=" ">
    <subfield code="a">P&#xE9;rez Gal&#xE1;n, Mariano,</subfield>
    <subfield code="d">1937-2008</subfield>
  </datafield>
  <datafield tag="245" ind1="1" ind2="0">
    <subfield code="a">Educaci&#xF3;n, historia y pol&#xED;tica :</subfield>
    <subfield code="b">las claves de un compromiso / </subfield>
    <subfield code="c">Mariano P&#xE9;rez Gal&#xE1;n ; edici&#xF3;n de Alfredo Li&#xE9;bana Collado ; textos introductorios de Luis G&#xF3;mez Llorente, Manuel de Puelles Ben&#xED;tez.</subfield>
  </datafield>
  <datafield tag="264" ind1=" " ind2="1">
    <subfield code="a">Madrid :</subfield>
    <subfield code="b">Biblioteca Nueva,</subfield>
    <subfield code="c">2009.</subfield>
  </datafield>
  <datafield tag="300" ind1=" " ind2=" ">
    <subfield code="a">1 online resource (357 pages)</subfield>
  </datafield>
  <datafield tag="336" ind1=" " ind2=" ">
    <subfield code="a">text</subfield>
    <subfield code="b">txt</subfield>
    <subfield code="2">rdacontent</subfield>
  </datafield>
  <datafield tag="337" ind1=" " ind2=" ">
    <subfield code="a">computer</subfield>
    <subfield code="b">c</subfield>
    <subfield code="2">rdamedia</subfield>
  </datafield>
  <datafield tag="338" ind1=" " ind2=" ">
    <subfield code="a">online resource</subfield>
    <subfield code="b">cr</subfield>
    <subfield code="2">rdacarrier</subfield>
  </datafield>
  <datafield tag="490" ind1="1" ind2=" ">
    <subfield code="a">Biblioteca de la nueva educaci&#xF3;n ;</subfield>
    <subfield code="v">18</subfield>
  </datafield>
  <datafield tag="505" ind1="0" ind2=" ">
    <subfield code="a">Presentaci&#xF3;n / Alfredo Li&#xE9;bana Collado -- Pr&#xF3;logo / Reyes Mate -- La aportaci&#xF3;n de Mariano P&#xE9;rez Gal&#xE1;n al socialismo, al sindicalismo, y a los derechos de los trabajadores / Luis G&#xF3;mez Llorente -- Mariano P&#xE9;rez Gal&#xE1;n o la recuperaci&#xF3;n de la memoria hist&#xF3;rica / Manuel de Puelles Ben&#xED;tez -- Rese&#xF1;as de libros: La ense&#xF1;anza en la segunda rep&#xFA;blica espa&#xF1;ola y LODE: Intrahistoria de una ley -- Notas en torno al libro La ense&#xF1;anza en la Segunda Rep&#xFA;blica, Seminari d'Hist&#xF2;ria de l'Enseyament -- La ense&#xF1;anza durante la Segunda Rep&#xFA;blica / Juan Manuel de la Torre Acosta -- LODE, Intrahistoria de una ley / Manuel de Puelles Ben&#xED;tez -- Art&#xED;culos y trabajos sobre educaci&#xF3;n, historia y pol&#xED;tica: de la rep&#xFA;blica a la democracia: La ense&#xF1;anza en la II Rep&#xFA;blica Espa&#xF1;ola, Arbor, 1981-- La constituci&#xF3;n de la II Rep&#xFA;blica y el tema educativo, Cuadernos de Pedagog&#xED;a,1978 -- La Universidad en la II Rep&#xFA;blica, Cuadernos de Pedagog&#xED;a, 1976 -- Rese&#xF1;a sobre La Escuela Nueva P&#xFA;blica, de Lorenzo Luzuriaga, Revista de Educaci&#xF3;n, 2003 -- Notas sobre Rodolfo Llopis, Cuadernos de Pedagog&#xED;a, 1984 -- Manuel Bartolom&#xE9; Coss&#xED;o: En el cincuentenario de su muerte, Bolet&#xED;n Acci&#xF3;n Educativa, 1985 -- Historia de la FETE, en FETE, la UGT, la ense&#xF1;anza, 1976 -- La ense&#xF1;anza en los a&#xF1;os cuarenta, Cuadernos para el Di&#xE1;logo, 1973 -- La Instituci&#xF3;n Libre de Ense&#xF1;anza en los comienzos del franquismo, Cuadernos de Pedagog&#xED;a, 1976 -- La ideolog&#xED;a en la Ense&#xF1;anza Media, Cuadernos para el Di&#xE1;logo, 1969 -- El bachillerato en Espa&#xF1;a (1936-1970), en La ense&#xF1;anza en Espa&#xF1;a,1975 -- Aspectos de la reforma educativa, Cuadernos para el Di&#xE1;logo, 1971 -- Una alternativa para la ense&#xF1;anza: avance y contestaci&#xF3;n, Cuadernos de Pedagog&#xED;a, 1976 -- La ley general de educaci&#xF3;n y el movimiento de ense&#xF1;antes, Revista de Educaci&#xF3;n, 1992 -- El sindicato vertical, Bolet&#xED;n del Colegio de Doctores y Licenciados, 1976 -- La FETE en la historia. Entrevista a un viejo militante, Cuadernos de Pedagog&#xED;a, 1977 -- Notas hist&#xF3;ricas sobre la federaci&#xF3;n cat&#xF3;lica de padres de familia, Bolet&#xED;n del Colegio de Doctores y Licenciados, 1977 -- Notas sobre el PSOE y la ense&#xF1;anza, Cuadernos de Pedagog&#xED;a, 1983 -- Socialismo y Escuela P&#xFA;blica (notas hist&#xF3;ricas), en Diez a&#xF1;os de historia de la educaci&#xF3;n, 1989 -- Subvenciones 78. Madrid y provincia, Bolet&#xED;n del Colegio de Doctores y Licenciados, 1978 -- La equiparaci&#xF3;n del profesorado como meta, Nuestra Escuela, 1984-- El pago directo al Profesorado, Nuestra Escuela, 1984-- La gratuidad, diez a&#xF1;os despu&#xE9;s, Cuadernos de Pedagog&#xED;a, 1980 -- Por unos textos escolares no violentos, Revista Cisneros, 1980 -- La participaci&#xF3;n en la educaci&#xF3;n, Cuadernos Cives, 1999 -- La autonom&#xED;a de Madrid y la ense&#xF1;anza, Bolet&#xED;n Acci&#xF3;n Educativa, 1983 -- La diputaci&#xF3;n y los salesianos, El Pa&#xED;s, 1980 -- Breve balance de una d&#xE9;cada en Educaci&#xF3;n y Ciencia (1982-1992) -- Hace veinte a&#xF1;os, El Pa&#xED;s, 2005 -- El poder de la Iglesia en la ense&#xF1;anza, Temas para el debate, 2000 -- Escuela y laicismo, hoy, Temas para el debate, 2001 -- El cardenal primado y el mal, Temas para el debate, 2007 -- Ap&#xE9;ndices semblanzas complementarias: Reconocimiento del MEC a miembros de la transici&#xF3;n educativa, 1988 -- Homenaje a Mariano P&#xE9;rez Gal&#xE1;n "Por la Escuela P&#xFA;blica": Ed. Cives, 1998 -- Resumen de las rese&#xF1;as a su fallecimiento, 2008 -- Relaci&#xF3;n cronol&#xF3;gica de los art&#xED;culos -- Relaci&#xF3;n tem&#xE1;tica de los art&#xED;culos.</subfield>
  </datafield>
  <datafield tag="504" ind1=" " ind2=" ">
    <subfield code="a">Includes bibliographical references.</subfield>
  </datafield>
  <datafield tag="650" ind1=" " ind2="0">
    <subfield code="a">Education and state</subfield>
    <subfield code="z">Spain</subfield>
    <subfield code="x">History</subfield>
    <subfield code="y">20th century.</subfield>
  </datafield>
  <datafield tag="650" ind1=" " ind2="0">
    <subfield code="a">Education</subfield>
    <subfield code="z">Spain</subfield>
    <subfield code="x">History</subfield>
    <subfield code="y">20th century.</subfield>
  </datafield>
  <datafield tag="655" ind1=" " ind2="0">
    <subfield code="a">Electronic books.</subfield>
  </datafield>
  <datafield tag="700" ind1="1" ind2=" ">
    <subfield code="a">Li&#xE9;bana Collado, Alfredo.</subfield>
  </datafield>
  <datafield tag="700" ind1="1" ind2=" ">
    <subfield code="a">G&#xF3;mez Llorente, Luis,</subfield>
    <subfield code="d">1939-</subfield>
  </datafield>
  <datafield tag="700" ind1="1" ind2=" ">
    <subfield code="a">Puelles Ben&#xED;tez, Manuel de.</subfield>
  </datafield>
  <datafield tag="791" ind1="2" ind2=" ">
    <subfield code="a">Digitalia (Firm),</subfield>
    <subfield code="e">distributor.</subfield>
  </datafield>
  <datafield tag="830" ind1=" " ind2="0">
    <subfield code="a">Biblioteca de la nueva educaci&#xF3;n ;</subfield>
    <subfield code="v">18.</subfield>
  </datafield>
  <datafield tag="793" ind1="0" ind2=" ">
    <subfield code="g">Digitalia eBook Collection:</subfield>
    <subfield code="a">Biblioteca Nueva</subfield>
  </datafield>
  <datafield tag="856" ind1="4" ind2="0">
    <subfield code="3">Digitalia Hisp&#xE1;nica</subfield>
    <subfield code="u">https://www.digitaliapublishing.com/a/6300/</subfield>
  </datafield>
  <datafield tag="910" ind1=" " ind2=" ">
    <subfield code="a">Premium Collection: 2007-2012</subfield>
  </datafield>
  <datafield tag="942" ind1=" " ind2=" ">
    <subfield code="c">RAA</subfield>
  </datafield>
  <datafield tag="952" ind1=" " ind2=" ">
    <subfield code="0">0</subfield>
    <subfield code="1">0</subfield>
    <subfield code="4">0</subfield>
    <subfield code="7">0</subfield>
    <subfield code="8">DEH</subfield>
    <subfield code="a">BD-UIN</subfield>
    <subfield code="b">BD-UIN</subfield>
    <subfield code="d">2025-04-25</subfield>
    <subfield code="l">0</subfield>
    <subfield code="r">2025-04-25</subfield>
    <subfield code="w">2025-04-25</subfield>
    <subfield code="y">RAA</subfield>
  </datafield>
  <datafield tag="999" ind1=" " ind2=" ">
    <subfield code="c">231522</subfield>
    <subfield code="d">231522</subfield>
  </datafield>
</record>
